000 00568nam a2200205Ia 4500
005 20250923145808.0
008 008 250917s9999 xx 000 0 eng d
037 _aTextual
040 _aDSWL
_beng
_cDSWL
041 _aeng
_2eng
084 _aY393:2Q7, N86
_qDSWL
245 0 _aMigration in Pakistan: Theories & facts
_cEd. by F.Selier
260 _aLahore
_b Vanguard
_c1986
300 _a193p.
365 _aINR
_b150.00
700 _a M.S. Karim
_9839006
925 _g150.00
942 _cTEXL
_hY393:2Q7, N86
999 _c1455796
_d1455796